[Event "Enger Knappen Cup op-B"]
[Site "Enger"]
[Date "2009.12.28"]
[Round "4"]
[White "Milonas, Konstantinos"]
[Black "Prasse, Thorsten"]
[Result "1-0"]
[WhiteElo "1735"]
[BlackElo "1596"]
[PlyCount "95"]
[EventDate "2009.12.27"]
[EventType "swiss"]
[EventRounds "7"]
[EventCountry "GER"]
[SourceTitle "EXT 2011"]
[Source "ChessBase"]
[SourceDate "2010.11.26"]
[SourceVersion "1"]
[SourceVersionDate "2010.11.26"]
[SourceQuality "1"]

1. e4 c5 2. Nf3 d6 3. d4 cxd4 4. Nxd4 Nf6 5. Nc3 g6 6. Bd3 Bg7 7. Be3 0-0 8. h3 Nc6 9. Nxc6 bxc6 10. 0-0 Qc7 11. f4 e6 12. Qd2 Nd7 13. Rad1 d5 14. e5 Rd8 15. b4 Nb6 16. Bc5 Bf8 17. Bxf8 Kxf8 18. a3 a6 19. Qf2 Bb7 20. g4 Nd7 21. Na4 Kg8 22. Nc5 Nxc5 23. Qxc5 Bc8 24. Qd4 Qa7 25. Qxa7 Rxa7 26. Rf2 c5 27. bxc5 Rc7 28. Rb1 Rxc5 29. Rb6 Rd7 30. f5 Rdc7 31. f6 R5c6 32. Rb3 Rb7 33. Rxb7 Bxb7 34. Rf4 a5 35. Kf2 Rc5 36. Ke3 g5 37. Rf1 d4+ 38. Kxd4 Rd5+ 39. Kc3 Rc5+ 40. Kd2 Bg2 41. Rb1 Rc8 42. Bf1 Bxf1 43. Rxf1 Rc5 44. Re1 h6 45. Kd3 Kh7 46. c4 Rc7 47. Kd4 Rd7+ 48. Kc3 1-0